书目信息 |
| 题名: |
电磁场与电磁波
|
|
| 作者: | 许福永 , 赵克玉 编著 | |
| 分册: | ||
| 出版信息: | 北京 科学出版社 2005.9 |
|
| 页数: | xvi,440页 | |
| 开本: | 24cm | |
| 丛书名: | 高等院校电子科学与技术专业系列教材 | |
| 单 册: | ||
| 中图分类: | O441.4-43 | |
| 科图分类: | ||
| 主题词: | 电磁波--dian ci bo--高等学校--教材 , 电磁场--dian ci chang--高等学校--教材 | |
| 电子资源: | ||
| ISBN: | 7-03-015610-2 | |
| 000 | 01252nam0 2200349 450 | |
| 000 | 01281nam0 2200349 450 | |
| 000 | 01244nam0 2200337 450 | |
| 000 | 01227nam0 2200337 450 | |
| 000 | 01190nam 2200325 450 | |
| 001 | CAL 012006006282 | |
| 005 | 20061026150945.25 | |
| 010 | @a7-03-015610-2@dCNY35.00 | |
| 099 | @aCAL 012006006282 | |
| 100 | @a20060830d2005 em y0chiy0120 ea | |
| 101 | 0 | @achi |
| 102 | @aCN@b110000 | |
| 105 | @aa a 000yy | |
| 200 | 1 | @a电磁场与电磁波@Adian ci chang yu dian ci bo@f许福永, 赵克玉编著 |
| 210 | @a北京@c科学出版社@d2005.9 | |
| 215 | @axvi,440页@c图@d24cm | |
| 225 | 2 | @a高等院校电子科学与技术专业系列教材@Agao deng yuan xiao dian zi ke xue yu ji shu zhuan ye xi lie jiao cai |
| 320 | @a有书目 (第434页) | |
| 330 | @a本书共有9章, 内容包括: 矢量分析, 静电场, 稳恒电场与磁场, 静态场边值问题的解法, 时变电磁场, 电磁波的传播等。 | |
| 333 | @a阅读对象: 研究生及科技人员 | |
| 410 | 0 | @12001 @a高等院校电子科学与技术专业系列教材 |
| 606 | 0 | @a电磁波@Adian ci bo@x高等学校@j教材 |
| 606 | 0 | @a电磁场@Adian ci chang@x高等学校@j教材 |
| 690 | @aO441.4-43@v4 | |
| 701 | 0 | @a许福永@Axu fu yong@4编著 |
| 701 | 0 | @a赵克玉@Azhao ke yu@4编著 |
| 801 | 0 | @aCN@c20061026 |
| 905 | @a10447@dO441.4-43@eX860 | |
| 电磁场与电磁波/许福永, 赵克玉编著.-北京:科学出版社,2005.9 |
| xvi,440页:图;24cm.-(高等院校电子科学与技术专业系列教材) |
| 使用对象:阅读对象: 研究生及科技人员 |
| ISBN 7-03-015610-2:CNY35.00 |
| 本书共有9章, 内容包括: 矢量分析, 静电场, 稳恒电场与磁场, 静态场边值问题的解法, 时变电磁场, 电磁波的传播等。 |
| ● |
| 相关链接 |
|
|
|
正题名:电磁场与电磁波
索取号:O441.4-43/X860
 
预约/预借
| 序号 | 登录号 | 条形码 | 馆藏地/架位号 | 状态 | 备注 |
| 1 | 630994 | 206309948 | 自科库401/401自科库 58排7列2层/ [索取号:O441.4-43/X860] | 在馆 | |
| 2 | 630995 | 206309957 | 自科库401/401自科库 58排7列2层/ [索取号:O441.4-43/X860] | 在馆 |